00882cam a22002654a 450000100090000000300040000900500170001300800410003001000170007102000290008802000250011704000180014205000250016008200190018510000500020424500510025425000120030526000640031730000340038150400510041565000230046665000270048965000190051685600810053515375022OSt20231125155423.0080721s2008 enka b 001 0 eng  a 2008275260 a9780521884464 (hardback) a9780521711340 (pbk.) aDLCcDLCdDLC00aQP517.T48bH395 2008 a572.436bHAY/B1 aHaynie, Donald T.q(Donald Templeton),d1964-10aBiological thermodynamics /cDonald T. Haynie. a2nd ed. aCambridge ;aNew York :bCambridge University Press,c2008. axvi, 422 p. :bill. ;c26 cm. aIncludes bibliographical references and index. 0aBiothermodynamics. 0aPhysical biochemistry. 0aBioenergetics.413Table of contents onlyuhttp://www.loc.gov/catdir/toc/fy0805/2008275260.html